| 000 | 00421nam a22001217a 4500 | ||
|---|---|---|---|
| 082 | _a220 PRO | ||
| 100 |
_aNS MUHAMMAD OSAMA KHAN NS ALI MEHDI NS AAMIR HANIF PROJECT _972912 |
||
| 245 | _aPR-SOF-1860-Smart Waste Management System | ||
| 260 |
_aISLAMABAD _bNUST COLLEGE OF EME _c2020 |
||
| 650 |
_aDE-COMP-38 _972913 |
||
| 700 |
_a SUPERVISOR LEC. ALI SAEED PROJECT CO-SUPERVISOR DR. SAJID GUL KHAWAJA _972914 |
||
| 942 | _cCR | ||
| 999 |
_c578877 _d578877 |
||